000 00758nam a22002297a 4500
005 20170124110021.0
010 _aA-945553
020 _c00.00
035 _aA-945553
037 _bCen Lib/Ret
040 _aDPL
_bEN
082 _a658.5
_bASW
100 _aAswathappa, K.
_96759
245 _aEssentials of production management :
_bfor BBM & BBA course /
_cby K. Aswathappa
260 _aNew Delhi
_b Himalaya Publishing House
_c1998
270 _aPooja Appartments, 4-B, Muarari Lal Street, Ansari Road, Daryaganj
_bNew Delhi
_e110002
300 _a411p. :
_b20cm(Hb)
_cill.
500 _aIncludes bibliographical references.
650 _aManagement
_93072
650 _aGeneral management
_916441
942 _2ddc
_cEN
_h658.5
_mASW
999 _c127239
_d127239